000 00819nam a22001337a 4500
999 _c529094
_d529094
008 250220b ||||| |||| 00| 0 eng d
100 _a Juvin, Herve
_950768
245 _aRebuilding “corporate social responsibility” indexes: How to break with financial totalitarianism.
260 _aWorld Affairs: The Journal of International Issues
300 _a28(4), Oct-Dec, 2024: p.52-61
520 _a This article draus a comparison between the modern global guidelines intended to promote “diversity, equity and intended to current western liberal nations and he traditional principal of respect for the customs and rules of other societies squally practiced by traders across Eurasia during past centauries. – Reproduced
773 _aWorld Affairs: The Journal of International Issues
942 _cAR